00988nam a2200229 a 4500003000200000005001700002008004100019050002800060100003300088245008500121260009300206300004200299504004100341650003000382650004600412650004800458650004800506650004500554942001400599999001700613952012800630020250227082750.0100819s19uu xx 00 eng d aPGS LB 1065b.P816 2010 aPontikos, Elias Christopher. aLearning motivation factors of grade six students /cElias Christopher Pontikos. aLas Piñas City, Philippines : bSouthville International School and Colleges, c2010. aUnnumbered :billustrations ;c28 cm. aIncludes bibliographical references. aMotivation in education.  aLearning motivationvElementary students. aAcademic achievementvMotivational factors. aEducational psychologyvStudent engagement. aGrade six studentsvLearning motivation. 2lcccPASS c98398d98398 00102lcc40aLUXbLUXcPASSd2010-08-19eDONATIONl0oPGS LB 1065 .P816 2010pP2497r2014-04-08 00:00:00w2014-04-08yPASS